Central Library OPAC University of Rajshahi

Confucian China and its modern fate / (Record no. 25125)

MARC details
000 -LEADER
fixed length control field 00953nam a2200253 a 4500
001 - CONTROL NUMBER
control field 25125
003 - CONTROL NUMBER IDENTIFIER
rucl marc code BD-RjUL
005 - DATE AND TIME OF LATEST TRANSACTION
control field 20211209050832.0
008 - FIXED-LENGTH DATA ELEMENTS--GENERAL INFORMATION
fixed length control field 140316s1964 enk b 001 0 eng d
035 ## - SYSTEM CONTROL NUMBER
System control number (BD-RjUL)25194
040 ## - CATALOGING SOURCE
Original cataloging agency XNTU
Language of cataloging eng
Transcribing agency XNTU
Modifying agency PPP
-- BD-RjUL
041 ## - LANGUAGE CODE
Language code of text/sound track or separate title eng
082 04 - DEWEY DECIMAL CLASSIFICATION NUMBER
Classification number 951
Author mark and year LEC V-2 1964
100 1# - MAIN ENTRY--PERSONAL NAME
Personal name Levenson, Joseph R.
Fuller form of name (Joseph Richmond),
Dates associated with a name 1920-1969.
9 (RLIN) 77292
245 10 - TITLE STATEMENT
Title Confucian China and its modern fate /
Statement of responsibility, etc. Joseph R. Levenson.
Number of part/section of a work VOLUME TWO
Name of part/section of a work The Problem of Monarchical Decay.
260 ## - PUBLICATION, DISTRIBUTION, ETC. (IMPRINT)
Place of publication, distribution, etc. London :
Name of publisher, distributor, etc. Routledge and Kegan Paul,
Date of publication, distribution, etc. 1964.
300 ## - PHYSICAL DESCRIPTION
Pagination 3 v. ;
Size 23 cm.
504 ## - BIBLIOGRAPHY, ETC. NOTE
Bibliography, etc Includes bibliographies and index.
505 0# - FORMATTED CONTENTS NOTE
Formatted contents note v. 1. The problem of intellectual continuity -- v. 2. The problem of monarchical decay -- v. 3. The problem of historical significance.
650 #0 - SUBJECT ADDED ENTRY--TOPICAL TERM
Topical term or geographic name as entry element Communism
Geographic subdivision China.
9 (RLIN) 10067
651 #0 - SUBJECT ADDED ENTRY--GEOGRAPHIC NAME
Geographic name China
General subdivision Civilization.
9 (RLIN) 71282
Geographic name China
General subdivision Intellectual life.
9 (RLIN) 6429
942 ## - ADDED ENTRY ELEMENTS (KOHA)
Source of classification or shelving scheme Dewey Decimal Classification
Koha item type Books
Holdings
Lost status Source of classification or shelving scheme Damaged status Not for loan Collection code Permanent Location Current Location Shelving location Date acquired Source of acquisition Cost, normal purchase price Total Checkouts Full call number Date last seen Copy number Koha item type
  Dewey Decimal Classification   Added to bundle Non-fiction Central Library, University of Rajshahi Central Library, University of Rajshahi Reading Room 30/12/1968 Zitlinger 25.00   951 LEC V-2 1964 16/03/2014 C-1 Books